000 00266nam a2200109Ia 4500
008 220120s9999||||xx |||||||||||||| ||und||
100 _aFabricius, Eugene, D
245 0 _aIntroduction to VLSI design
260 _aMc graw hill
_c1990
300 _b0
650 _aCIVIL
999 _c137116
_d137116